[Event "Remembrance Day op"]
[Site "Winnipeg CAN"]
[Date "1998.11.08"]
[Round "4"]
[White "Khedkar, Jay"]
[Black "Seier, Ken"]
[Result "1-0"]
[WhiteElo "1913"]
[BlackElo "1885"]
[PlyCount "67"]
[GameId "2160767911806097"]
[EventDate "1998.11.07"]
[EventType "swiss"]
[EventRounds "5"]
[EventCountry "CAN"]

1. e4 c5 2. Nf3 d6 3. d4 cxd4 4. Nxd4 Nf6 5. Nc3 a6 6. Bg5 e6 7. f4 Nbd7 8. Qf3 Qc7 9. O-O-O Be7 10. Bd3 b5 11. Rhe1 Bb7 12. Qg3 b4 13. Nd5 Bxd5 14. exd5 e5 15. Nf5 Bf8 16. fxe5 dxe5 17. Bf4 O-O-O 18. Bxe5 Nxe5 19. Bxa6+ Kb8 20. Rxe5 Bd6 21. Nxd6 Rxd6 22. Be2 Rc8 23. Qb3 Qc5 24. Bf3 Rc7 25. Rde1 Rb6 26. g4 h6 27. h4 Qd4 28. g5 hxg5 29. hxg5 Ng4 30. R5e4 Qf2 31. Bxg4 f5 32. gxf6 gxf6 33. Bd1 f5 34. Qe3 1-0

[Event "Remembrance Day op"]
[Site "Winnipeg CAN"]
[Date "1998.11.08"]
[Round "4"]
[White "Lukic, Luka"]
[Black "Sekhar, Ganesan"]
[Result "0-1"]
[WhiteElo "1937"]
[BlackElo "1925"]
[PlyCount "112"]
[GameId "2160767911806098"]
[EventDate "1998.11.07"]
[EventType "swiss"]
[EventRounds "5"]
[EventCountry "CAN"]

1. d4 Nf6 2. c4 e6 3. Nc3 Bb4 4. e3 b6 5. Nge2 Bb7 6. a3 Be7 7. Ng3 O-O 8. e4 d6 9. Bd3 Nbd7 10. O-O Kh8 11. f4 Ng8 12. f5 e5 13. d5 Ndf6 14. Nh5 g6 15. Nxf6 Bxf6 16. Be3 Bg5 17. Qd2 Bxe3+ 18. Qxe3 a6 19. Rf2 Qh4 20. Raf1 g5 21. Be2 Nf6 22. Qg3 Qxg3 23. hxg3 h5 24. Re1 Kg7 25. Rff1 g4 26. Kf2 Kh6 27. Ke3 Kg5 28. Rh1 Rh8 29. Rh4 Bc8 30. Reh1 Bd7 31. Nd1 b5 32. Nf2 Rhb8 33. cxb5 Bxb5 34. Bxb5 Rxb5 35. Nd3 a5 36. Rc1 Ra7 37. Rc3 Rab7 38. Rh1 Rb3 39. Rxb3 Rxb3 40. Rc1 Rb7 41. Rc4 Nd7 42. Rc3 Nb6 43. b3 Kf6 44. Nb2 Ke7 45. Kd3 Nd7 46. Na4 Nf6 47. Nb2 Kd7 48. Nc4 Rb5 49. a4 Rb4 50. Nd2 Rd4+ 51. Ke3 Rxd2 52. Kxd2 Nxe4+ 53. Kd3 Nxc3 54. Kxc3 c6 55. Kc4 f6 56. b4 cxd5+ 0-1

[Event "Remembrance Day op"]
[Site "Winnipeg CAN"]
[Date "1998.11.08"]
[Round "5"]
[White "Charter, Bennet"]
[Black "Clark, James"]
[Result "1-0"]
[WhiteElo "1452"]
[BlackElo "1717"]
[PlyCount "49"]
[GameId "2160767911806099"]
[EventDate "1998.11.07"]
[EventType "swiss"]
[EventRounds "5"]
[EventCountry "CAN"]

1. e4 c5 2. Nf3 d6 3. d4 cxd4 4. Nxd4 Nf6 5. Nc3 a6 6. Bg5 Nbd7 7. Be2 e6 8. Qd2 Be7 9. O-O-O O-O 10. f3 b5 11. Nc6 Qe8 12. Nxe7+ Qxe7 13. Qxd6 Qxd6 14. Rxd6 Ne8 15. Rd2 Nc7 16. Rhd1 Ne5 17. Be7 Re8 18. Bd6 Ng6 19. Bxc7 h6 20. Rd8 Bb7 21. Rxa8 Rxa8 22. Rd8+ Rxd8 23. Bxd8 f6 24. Ba5 Bc6 25. a4 1-0

[Event "Remembrance Day op"]
[Site "Winnipeg CAN"]
[Date "1998.11.08"]
[Round "5"]
[White "Khedkar, Jay"]
[Black "Gibbons, Michael"]
[Result "0-1"]
[WhiteElo "1913"]
[BlackElo "2041"]
[PlyCount "90"]
[GameId "2160767911806100"]
[EventDate "1998.11.07"]
[EventType "swiss"]
[EventRounds "5"]
[EventCountry "CAN"]

1. e4 c5 2. Nf3 Nc6 3. d4 cxd4 4. Nxd4 Nf6 5. Nc3 e5 6. Ndb5 d6 7. Nd5 Nxd5 8. exd5 Nb8 9. c4 Be7 10. Be3 a6 11. Qa4 O-O 12. Be2 Bd7 13. Qa3 Bxb5 14. cxb5 f5 15. f3 Nd7 16. bxa6 bxa6 17. O-O a5 18. Rac1 Nc5 19. Rfd1 Bg5 20. Rc4 Bxe3+ 21. Qxe3 f4 22. Qc3 Rb8 23. b3 Qb6 24. Kf1 Rb7 25. Bd3 Rfb8 26. Bc2 Qa6 27. Rb1 Rb4 28. Ke1 Rxc4 29. Qxc4 Qxc4 30. bxc4 Rxb1+ 31. Bxb1 g5 32. h3 Kg7 33. Kf2 Kf6 34. Bxh7 Na4 35. Ke1 Nb2 36. Be4 Nxc4 37. Ke2 Kg7 38. Kd3 Nb6 39. Kc3 Kh6 40. Kd3 Kh5 41. Ke2 Kh4 42. Kf2 Na4 43. Bd3 Nc3 44. Bc4 Nd1+ 45. Kg1 Ne3 0-1

[Event "Remembrance Day op"]
[Site "Winnipeg CAN"]
[Date "1998.11.08"]
[Round "5"]
[White "Kuryliw, Ray"]
[Black "Seier, Ken"]
[Result "0-1"]
[WhiteElo "1949"]
[BlackElo "1885"]
[PlyCount "52"]
[GameId "2160767911806101"]
[EventDate "1998.11.07"]
[EventType "swiss"]
[EventRounds "5"]
[EventCountry "CAN"]

1. e4 c5 2. Nc3 d6 3. g3 g6 4. Bg2 Bg7 5. Nge2 e6 6. d3 Ne7 7. Be3 O-O 8. Qd2 Re8 9. O-O Nbc6 10. f4 a6 11. h3 Rb8 12. g4 b5 13. f5 b4 14. Nd1 exf5 15. exf5 gxf5 16. gxf5 Bf6 17. Ng3 Nd4 18. Bxd4 Bxd4+ 19. Kh1 Kh8 20. Qh6 Rg8 21. f6 Rxg3 22. fxe7 Qxe7 23. Nf2 Bb7 24. Ne4 Rxg2 25. Kxg2 Bxe4+ 26. dxe4 Qxe4+ 0-1

[Event "Remembrance Day op"]
[Site "Winnipeg CAN"]
[Date "1998.11.08"]
[Round "5"]
[White "Sekhar, Ganesan"]
[Black "Penner, Wesley"]
[Result "1-0"]
[WhiteElo "1925"]
[BlackElo "1788"]
[PlyCount "81"]
[GameId "2160767911806102"]
[EventDate "1998.11.07"]
[EventType "swiss"]
[EventRounds "5"]
[EventCountry "CAN"]

1. Nf3 d5 2. g3 Bf5 3. Bg2 c6 4. Nh4 Bd7 5. d4 e6 6. O-O Be7 7. Nf3 f5 8. Ne5 Nf6 9. e3 Bc8 10. b3 Nbd7 11. Nd3 O-O 12. Nf4 Kf7 13. Bb2 g6 14. c4 Rh8 15. Nc3 g5 16. Nd3 h5 17. Qc2 Qg8 18. f3 Ke8 19. e4 h4 20. Rae1 hxg3 21. hxg3 f4 22. gxf4 dxe4 23. Nxe4 Nxe4 24. fxe4 gxf4 25. Bc1 c5 26. Bxf4 cxd4 27. Rf3 Nc5 28. Ne5 Bh4 29. Rd1 d3 30. Nxd3 Nxe4 31. Ne5 Nf6 32. Rfd3 Ng4 33. Ng6 Nf2 34. Nxh4 Nxd1 35. Qxd1 Rxh4 36. Rd8+ Kf7 37. Rxg8 Kxg8 38. Qd8+ Kf7 39. Qxh4 Bd7 40. Qh7+ Kf6 41. Qxd7 1-0

[Event "Renfrew op"]
[Site "Renfrew CAN"]
[Date "1998.08.22"]
[Round "1"]
[White "Collins, Chris"]
[Black "Pacey, Kevin"]
[Result "0-1"]
[WhiteElo "2232"]
[BlackElo "2309"]
[PlyCount "83"]
[GameId "2160767911806471"]
[EventDate "1998.08.22"]
[EventType "swiss"]
[EventRounds "5"]
[EventCountry "CAN"]

1. e4 Nc6 2. d4 d5 3. Nc3 e5 4. exd5 Nxd4 5. Bd3 Nf6 6. Bg5 Be7 7. Nge2 Nxd5 8. Bxe7 Nxe7 9. O-O Bg4 10. f3 Bh5 11. Qd2 Nec6 12. Nxd4 Qxd4+ 13. Kh1 O-O 14. Qg5 Bg6 15. Bxg6 hxg6 16. Rfd1 Qb4 17. Rab1 Rfd8 18. Nd5 Qd6 19. c3 Rac8 20. b4 Qe6 21. c4 Re8 22. Re1 Qf5 23. Qh4 g5 24. Qe4 Qxe4 25. Rxe4 f6 26. Ree1 Kf7 27. Kg1 Nd4 28. Kf2 c6 29. Ne3 Red8 30. Red1 Ke6 31. c5 Nb5 32. Nc4 Nc3 33. Rd6+ Rxd6 34. Nxd6 Nxb1 35. Nxc8 Nc3 36. a3 Nb5 37. a4 Nc3 38. a5 Nb5 39. Ke3 Kd7 40. Nb6+ axb6 41. cxb6 Nd4 42. Kd3 0-1

[Event "Renfrew op"]
[Site "Renfrew CAN"]
[Date "1998.08.22"]
[Round "2"]
[White "Pacey, Kevin"]
[Black "Gordon, David"]
[Result "0-1"]
[WhiteElo "2309"]
[BlackElo "2191"]
[PlyCount "80"]
[GameId "2160767911806472"]
[EventDate "1998.08.22"]
[EventType "swiss"]
[EventRounds "5"]
[EventCountry "CAN"]

1. d4 Nf6 2. Nc3 d5 3. Bg5 Bf5 4. f3 c5 5. e4 cxd4 6. Qxd4 Nc6 7. Bb5 dxe4 8. Bxf6 exf6 9. O-O-O Qxd4 10. Rxd4 Bc5 11. Rc4 Be3+ 12. Kb1 O-O-O 13. Bxc6 bxc6 14. g4 Bg6 15. fxe4 h5 16. Nge2 hxg4 17. Nd5 Bg5 18. Rxc6+ Kb8 19. Rc4 Bxe4 20. Rb4+ Kc8 21. Ne7+ Kc7 22. Rxe4 Rxh2 23. Rg1 Rd2 24. Nc3 Rxc2 25. Rc4+ Kd7 26. Rd1+ Rcd2 27. Rxd2+ Rxd2 28. Nf5 g6 29. Ng3 f5 30. Nce2 Be3 31. a4 g5 32. Nc3 f4 33. Nf1 Rf2 34. Nxe3 fxe3 35. Rd4+ Kc6 36. Re4 g3 37. Rc4+ Kd7 38. Rd4+ Ke8 39. Rg4 g2 40. Ka2 f6 0-1

[Event "Renfrew op"]
[Site "Renfrew CAN"]
[Date "1998.08.22"]
[Round "2"]
[White "Wasmund, Michael"]
[Black "Eberle, Mark"]
[Result "1-0"]
[WhiteElo "1399"]
[BlackElo "1857"]
[PlyCount "21"]
[GameId "2160767911806473"]
[EventDate "1998.08.22"]
[EventType "swiss"]
[EventRounds "5"]
[EventCountry "CAN"]

1. e4 Nf6 2. Nc3 d5 3. exd5 Nxd5 4. Nxd5 Qxd5 5. Nf3 Bg4 6. b3 e5 7. Bc4 Qd6 8. Bxf7+ Kxf7 9. Ng5+ Kg8 10. Qxg4 h6 11. Qc4+ 1-0

[Event "Renfrew op"]
[Site "Renfrew CAN"]
[Date "1998.08.22"]
[Round "3"]
[White "Amigues, Emmanuel"]
[Black "Pacey, Kevin"]
[Result "1/2-1/2"]
[WhiteElo "1998"]
[BlackElo "2309"]
[PlyCount "75"]
[GameId "2160767911806474"]
[EventDate "1998.08.22"]
[EventType "swiss"]
[EventRounds "5"]
[EventCountry "CAN"]

1. d4 Nc6 2. Nf3 d5 3. Bf4 Bg4 4. c3 e6 5. Nbd2 Bd6 6. Bg3 Bxg3 7. hxg3 Qd6 8. e4 Nge7 9. e5 Qd7 10. Bd3 h6 11. a4 a5 12. Qc2 Bf5 13. Bxf5 exf5 14. Nh2 Nd8 15. Nhf1 Ne6 16. Ne3 g6 17. Nf3 b6 18. Ng1 c5 19. Ne2 Rc8 20. Qd2 cxd4 21. cxd4 Kf8 22. f4 Nd8 23. Nc3 Kg7 24. O-O h5 25. Qe2 Ne6 26. Rfd1 Rhd8 27. Qf3 Nc6 28. Nb5 Rb8 29. Nd6 Nb4 30. Rac1 Qxa4 31. Ndxf5+ gxf5 32. Qxh5 Rg8 33. Nxf5+ Kf8 34. Qh6+ Ke8 35. Qf6 Qd7 36. Nd6+ Kf8 37. f5 Ng5 38. Qh6+ 1/2-1/2

[Event "Renfrew op"]
[Site "Renfrew CAN"]
[Date "1998.08.22"]
[Round "3"]
[White "Langer, Herb"]
[Black "Cote, Jacques"]
[Result "1-0"]
[WhiteElo "1839"]
[BlackElo "2109"]
[PlyCount "91"]
[GameId "2160767911806475"]
[EventDate "1998.08.22"]
[EventType "swiss"]
[EventRounds "5"]
[EventCountry "CAN"]

1. d4 d5 2. f4 Bf5 3. Nf3 e6 4. e3 Bd6 5. Be2 Nd7 6. O-O Qe7 7. Bd2 Ngf6 8. Ne5 h5 9. h3 O-O-O 10. c4 Ne4 11. c5 Bxe5 12. fxe5 Qg5 13. Rf3 f6 14. exf6 Ndxf6 15. Qa4 Ng3 16. Ba6 Nfe4 17. c6 Bxh3 18. Bxb7+ Kb8 19. Qa6 Bxg2 20. Bc8 Ne2+ 21. Kh2 Qh4+ 22. Kxg2 Qg4+ 23. Kf1 Qxf3+ 24. Ke1 Qf2+ 25. Kd1 Qf1+ 26. Kc2 Nd6 27. Bb7 Qf5+ 28. Kb3 Qf3 29. Nc3 Nxc3 30. Bxc3 Qxe3 31. Re1 Qh3 32. Qa4 Nc4 33. Qb5 Rdf8 34. a4 Rf2 35. Ba6+ Nb6 36. a5 Qf5 37. axb6 cxb6 38. Bb7 Qf7 39. Ra1 e5 40. Qa6 exd4 41. Qxa7+ Kc7 42. Bxd4 Rf3+ 43. Ka2 Kd6 44. Qxb6 h4 45. c7+ Kd7 46. Qc6+ 1-0

[Event "Renfrew op"]
[Site "Renfrew CAN"]
[Date "1998.08.23"]
[Round "4"]
[White "Pacey, Kevin"]
[Black "De Kerpel, Stijn"]
[Result "1-0"]
[WhiteElo "2309"]
[BlackElo "1950"]
[PlyCount "49"]
[GameId "2160767911806476"]
[EventDate "1998.08.22"]
[EventType "swiss"]
[EventRounds "5"]
[EventCountry "CAN"]

1. e4 e6 2. d4 d5 3. Nc3 Bb4 4. e5 c5 5. a3 Bxc3+ 6. bxc3 Qc7 7. Qg4 f5 8. Qh5+ g6 9. Qd1 b6 10. Nf3 Ba6 11. Bxa6 Nxa6 12. Qd3 Nb8 13. dxc5 bxc5 14. O-O Nd7 15. c4 d4 16. c3 dxc3 17. Qxc3 h6 18. Rb1 Ne7 19. Rd1 Kf7 20. Be3 Rab8 21. Rxb8 Nxb8 22. Qd2 Nc8 23. Bxh6 Nb6 24. Ng5+ Ke7 25. Ne4 1-0

[Event "Renfrew op"]
[Site "Renfrew CAN"]
[Date "1998.08.23"]
[Round "5"]
[White "Pacey, Kevin"]
[Black "Hum, Peter"]
[Result "1/2-1/2"]
[WhiteElo "2309"]
[BlackElo "2224"]
[PlyCount "75"]
[GameId "2160767911806477"]
[EventDate "1998.08.22"]
[EventType "swiss"]
[EventRounds "5"]
[EventCountry "CAN"]

1. d4 d5 2. Nc3 Nf6 3. Bg5 Nbd7 4. Nf3 g6 5. e3 Bg7 6. Ne5 c6 7. f4 O-O 8. Be2 Ne8 9. Nxd7 Bxd7 10. O-O Nd6 11. g4 f6 12. Bh4 Qe8 13. Bg3 e5 14. fxe5 fxe5 15. Rxf8+ Kxf8 16. e4 Qe7 17. dxe5 Bxe5 18. exd5 Bxg3 19. hxg3 Qe3+ 20. Kg2 cxd5 21. Nxd5 Bc6 22. Bf3 Qc5 23. b4 Qc4 24. Ne3 Qxb4 25. Bxc6 bxc6 26. Qf3+ Kg7 27. Rd1 Qc5 28. Rf1 Re8 29. Qf6+ Kg8 30. Rf3 Qe5 31. g5 Ne4 32. Qf7+ Kh8 33. Qxa7 Nxg5 34. Rf4 Ne6 35. Rf2 Qe4+ 36. Kh2 Nd4 37. Qf7 Qxe3 38. Qf6+ 1/2-1/2

[Event "Roy mem."]
[Site "Hull CAN"]
[Date "1998.10.27"]
[Round "1"]
[White "Christopher, Roger"]
[Black "Lacourse, Guy"]
[Result "0-1"]
[WhiteElo "1219"]
[BlackElo "1579"]
[PlyCount "134"]
[GameId "2160767911806146"]
[EventDate "1998.10.27"]
[EventType "swiss"]
[EventRounds "5"]
[EventCountry "CAN"]
[SourceTitle "EXT 2022"]
[Source "ChessBase"]
[SourceDate "2021.10.06"]
[SourceVersion "1"]
[SourceVersionDate "2021.10.06"]
[SourceQuality "1"]

1. e4 c5 2. Nf3 e6 3. d4 cxd4 4. Nxd4 Nf6 5. Nc3 d6 6. f4 a6 7. Bd3 Qc7 8. Qf3 b6 9. O-O Be7 10. Kh1 Nbd7 11. Be3 Bb7 12. Qg3 O-O 13. f5 e5 14. Nb3 Rfe8 15. Bh6 Bf8 16. Nd2 Kh8 17. Bg5 Be7 18. h4 h6 19. Be3 Nc5 20. Bxc5 dxc5 21. Rae1 b5 22. Nd5 Bxd5 23. exd5 c4 24. Be4 Rad8 25. Nf3 Bd6 26. c3 Nd7 27. Qh3 Nc5 28. g4 Nxe4 29. Rxe4 Qb7 30. Rd1 Bb8 31. Rde1 Rxd5 32. g5 f6 33. gxh6 gxh6 34. Rg1 Rdd8 35. Reg4 Qd5 36. R4g3 Ba7 37. Qg4 Rg8 38. Qh5 Kh7 39. R1g2 Rxg3 40. Rxg3 Rg8 41. Rg6 Be3 42. Rxg8 Qxg8 43. Kh2 e4 44. Nd4 Qg1+ 45. Kh3 Qf1+ 46. Kg3 Bf4+ 47. Kg4 Qd1+ 48. Kxf4 Qxh5 49. Kxe4 Qxh4+ 50. Kd5 Qh1+ 51. Ke6 Qe4+ 52. Kxf6 h5 53. Ne6 Kg8 54. Kg6 h4 55. Ng5 Qe8+ 56. Kh6 Qe3 57. f6 Qxg5+ 58. Kxg5 h3 59. b3 h2 60. Kg6 h1=Q 61. a4 cxb3 62. c4 bxc4 63. a5 b2 64. f7+ Kf8 65. Kf6 b1=Q 66. Ke6 Qc6+ 67. Ke5 Qbe4# 0-1

[Event "Roy mem."]
[Site "Hull CAN"]
[Date "1998.10.27"]
[Round "1"]
[White "Gagnon, Fabien"]
[Black "Thomann, Olivier"]
[Result "1-0"]
[WhiteElo "2001"]
[BlackElo "1803"]
[PlyCount "67"]
[GameId "2160767911806147"]
[EventDate "1998.10.27"]
[EventType "swiss"]
[EventRounds "5"]
[EventCountry "CAN"]
[SourceTitle "EXT 2022"]
[Source "ChessBase"]
[SourceDate "2021.10.06"]
[SourceVersion "1"]
[SourceVersionDate "2021.10.06"]
[SourceQuality "1"]

1. e4 e5 2. Nf3 Nc6 3. Bb5 a6 4. Ba4 Nf6 5. O-O Nxe4 6. Bxc6 dxc6 7. Nxe5 Be6 8. d4 Be7 9. Nc3 Nxc3 10. bxc3 O-O 11. a4 f6 12. Nd3 Bd6 13. Ba3 Qe7 14. Bxd6 cxd6 15. Re1 Qf7 16. a5 Rac8 17. Rb1 Rfe8 18. Nf4 Bc4 19. Qf3 Rxe1+ 20. Rxe1 Re8 21. Rb1 Re7 22. h3 Bb5 23. Qg3 Qa2 24. Rb4 Re1+ 25. Kh2 Qa1 26. Qg4 Rh1+ 27. Kg3 Qxc3+ 28. Nd3 Bxd3 29. Qc8+ Kf7 30. Rxb7+ Kg6 31. Qg4+ Kh6 32. Qxg7+ Kh5 33. Qg4+ Kh6 34. Qh4+ 1-0

[Event "Roy mem."]
[Site "Hull CAN"]
[Date "1998.11.03"]
[Round "2"]
[White "Gagnon, Fabien"]
[Black "Cote, Jacques"]
[Result "1-0"]
[WhiteElo "2001"]
[BlackElo "1989"]
[PlyCount "53"]
[GameId "2160767911806149"]
[EventDate "1998.10.27"]
[EventType "swiss"]
[EventRounds "5"]
[EventCountry "CAN"]
[SourceTitle "EXT 2022"]
[Source "ChessBase"]
[SourceDate "2021.10.06"]
[SourceVersion "1"]
[SourceVersionDate "2021.10.06"]
[SourceQuality "1"]

1. d4 f5 2. e4 fxe4 3. Nc3 Nf6 4. f3 d5 5. fxe4 dxe4 6. Nge2 Nc6 7. Be3 g6 8. Qd2 Bf5 9. h3 h5 10. d5 Nb4 11. O-O-O c6 12. Nf4 g5 13. Ne6 Bxe6 14. dxe6 Qxd2+ 15. Rxd2 Bh6 16. Be2 h4 17. Rf1 Nbd5 18. Nxd5 cxd5 19. Bb5+ Kd8 20. c4 a6 21. Bd7 Nxd7 22. Rxd5 Kc7 23. Rxd7+ Kc6 24. Rf5 g4 25. Rc5+ Kb6 26. Rb5+ Kc6 27. Rb6# 1-0

[Event "Roy mem."]
[Site "Hull CAN"]
[Date "1998.11.03"]
[Round "2"]
[White "Groleau, Gilles"]
[Black "Laurin, Jacques"]
[Result "1/2-1/2"]
[WhiteElo "1983"]
[BlackElo "1921"]
[PlyCount "114"]
[GameId "2160767911806150"]
[EventDate "1998.10.27"]
[EventType "swiss"]
[EventRounds "5"]
[EventCountry "CAN"]
[SourceTitle "EXT 2005"]
[Source "ChessBase"]
[SourceDate "2004.11.15"]
[SourceVersion "1"]
[SourceVersionDate "2004.11.15"]
[SourceQuality "1"]

1. e4 c5 2. Nf3 d6 3. Bb5+ Bd7 4. Bxd7+ Qxd7 5. O-O g6 6. c3 Bg7 7. d4 cxd4 8. cxd4 Nc6 9. Nc3 e6 10. Be3 Nf6 11. h3 O-O 12. Qd2 Rfc8 13. Rfd1 Ne7 14. Rac1 b5 15. Qd3 b4 16. Ne2 h6 17. b3 g5 18. Nd2 Ng6 19. Rc4 a5 20. Rdc1 d5 21. Rxc8+ Rxc8 22. Rxc8+ Qxc8 23. e5 Nh5 24. g3 Qc6 25. Kg2 Nxe5 26. dxe5 d4+ 27. Kh2 dxe3 28. Qxe3 Qd5 29. Nc4 Bf8 30. g4 Bc5 31. Qd2 Qf3 32. Ng1 Qf4+ 33. Qxf4 Nxf4 34. f3 Bd4 35. h4 Nd3 36. hxg5 hxg5 37. Nh3 Nxe5 38. Nxa5 f6 39. Kg2 Nd3 40. Nc4 Bc5 41. Kf1 Nc1 42. f4 Nxa2 43. fxg5 Nc1 44. gxf6 Nxb3 45. Ng5 Nd4 46. Ne4 Bf8 47. g5 Nf3 48. Ke2 Nh4 49. Ne5 b3 50. Kd2 Bb4+ 51. Kc1 Ba3+ 52. Kb1 Nf5 53. g6 Nd6 54. Nd2 Bb4 55. Nxb3 Bc3 56. Ng4 Bxf6 57. Nxf6+ Kg7 1/2-1/2

[Event "Roy mem."]
[Site "Hull CAN"]
[Date "1998.11.03"]
[Round "2"]
[White "Lacourse, Guy"]
[Black "Massoulie, Francois"]
[Result "1-0"]
[WhiteElo "1579"]
[BlackElo "1480"]
[PlyCount "23"]
[GameId "2160767911806151"]
[EventDate "1998.10.27"]
[EventType "swiss"]
[EventRounds "5"]
[EventCountry "CAN"]
[SourceTitle "EXT 2022"]
[Source "ChessBase"]
[SourceDate "2021.10.06"]
[SourceVersion "1"]
[SourceVersionDate "2021.10.06"]
[SourceQuality "1"]

1. d4 Nf6 2. c4 e6 3. Nc3 Bb4 4. Qc2 d5 5. Bg5 O-O 6. e3 b6 7. cxd5 Qxd5 8. Bxf6 gxf6 9. Nf3 Kh8 10. Bd3 f5 11. O-O Bb7 12. Nxd5 1-0

[Event "Roy mem."]
[Site "Hull CAN"]
[Date "1998.11.07"]
[Round "2"]
[White "Thomann, Olivier"]
[Black "Duquette, Patrick"]
[Result "0-1"]
[WhiteElo "1803"]
[BlackElo "1890"]
[PlyCount "76"]
[GameId "2160767911806152"]
[EventDate "1998.10.27"]
[EventType "swiss"]
[EventRounds "5"]
[EventCountry "CAN"]
[SourceTitle "EXT 2022"]
[Source "ChessBase"]
[SourceDate "2021.10.06"]
[SourceVersion "1"]
[SourceVersionDate "2021.10.06"]
[SourceQuality "1"]

1. e4 c5 2. Nf3 d6 3. d4 cxd4 4. Nxd4 Nf6 5. Nc3 a6 6. Be2 e5 7. Nb3 Be6 8. Bg5 Nbd7 9. Nd5 Bxd5 10. exd5 Be7 11. Be3 O-O 12. O-O Rc8 13. c4 Ne4 14. f3 Nec5 15. Nxc5 dxc5 16. Qc2 Bg5 17. f4 exf4 18. Bxf4 Bxf4 19. Rxf4 Ne5 20. Bd3 Nxd3 21. Qxd3 Qd6 22. Re4 Rce8 23. Rae1 Qd7 24. Rxe8 Rxe8 25. Rxe8+ Qxe8 26. d6 Qe1+ 27. Qf1 Qxf1+ 28. Kxf1 Kf8 29. Ke2 Ke8 30. Kf3 Kd7 31. Ke4 Kxd6 32. g4 Ke6 33. h4 f6 34. Kf4 g6 35. h5 gxh5 36. gxh5 h6 37. a3 a5 38. b3 f5 0-1

[Event "Roy mem."]
[Site "Hull CAN"]
[Date "1998.11.10"]
[Round "3"]
[White "Lacourse, Guy"]
[Black "Gaudet, Alain"]
[Result "1-0"]
[WhiteElo "1579"]
[BlackElo "1711"]
[PlyCount "39"]
[GameId "2160767911806153"]
[EventDate "1998.10.27"]
[EventType "swiss"]
[EventRounds "5"]
[EventCountry "CAN"]
[SourceTitle "EXT 2022"]
[Source "ChessBase"]
[SourceDate "2021.10.06"]
[SourceVersion "1"]
[SourceVersionDate "2021.10.06"]
[SourceQuality "1"]

1. d4 Nf6 2. c4 g6 3. Nc3 d5 4. Nf3 Bg7 5. Qb3 dxc4 6. Qxc4 c6 7. e4 O-O 8. Be2 Nbd7 9. a4 a5 10. e5 Nb6 11. Qb3 Nfd5 12. h4 Be6 13. Ng5 Nf4 14. Nxe6 Nxe6 15. Bd3 Nxd4 16. Qd1 Bxe5 17. h5 Nd5 18. hxg6 fxg6 19. Rxh7 Kxh7 20. Qh5+ 1-0

[Event "Roy mem."]
[Site "Hull CAN"]
[Date "1998.11.10"]
[Round "3"]
[White "Laurin, Jacques"]
[Black "Gagnon, Fabien"]
[Result "0-1"]
[WhiteElo "1918"]
[BlackElo "2001"]
[PlyCount "64"]
[GameId "2160767911806154"]
[EventDate "1998.10.27"]
[EventType "swiss"]
[EventRounds "5"]
[EventCountry "CAN"]
[SourceTitle "EXT 2022"]
[Source "ChessBase"]
[SourceDate "2021.10.06"]
[SourceVersion "1"]
[SourceVersionDate "2021.10.06"]
[SourceQuality "1"]

1. c4 e6 2. Nc3 d5 3. cxd5 exd5 4. g3 Nf6 5. Bg2 Be7 6. b3 O-O 7. Bb2 d4 8. Ne4 Nc6 9. Rc1 Re8 10. Rxc6 bxc6 11. Nxf6+ Bxf6 12. Bxc6 Bd7 13. Bxa8 Qxa8 14. f3 a5 15. Qc2 Qa7 16. Qd3 Qc5 17. Qc4 Qxc4 18. bxc4 Rb8 19. Ba3 Rb1+ 20. Kf2 Ra1 21. Bc5 Rxa2 22. d3 a4 23. h4 Ra1 24. g4 g6 25. Kg3 a3 26. Bxa3 Rxa3 27. Nh3 Ra2 28. g5 Be5+ 29. f4 Bd6 30. Re1 Bxh3 31. Kxh3 Bxf4 32. Kg4 Be3 0-1

[Event "Roy mem."]
[Site "Hull CAN"]
[Date "1998.11.17"]
[Round "4"]
[White "Lemieux, Richard"]
[Black "Lacourse, Guy"]
[Result "0-1"]
[WhiteElo "1632"]
[BlackElo "1579"]
[PlyCount "64"]
[GameId "2160767911806157"]
[EventDate "1998.10.27"]
[EventType "swiss"]
[EventRounds "5"]
[EventCountry "CAN"]
[SourceTitle "EXT 2022"]
[Source "ChessBase"]
[SourceDate "2021.10.06"]
[SourceVersion "1"]
[SourceVersionDate "2021.10.06"]
[SourceQuality "1"]

1. e4 c5 2. b3 d6 3. Bb2 Nf6 4. e5 dxe5 5. Bxe5 Nbd7 6. Bb2 e6 7. Nf3 Bd6 8. Be2 O-O 9. O-O a6 10. c4 Qc7 11. Qc2 b6 12. Nc3 Bb7 13. Kh1 Ne5 14. Nxe5 Bxe5 15. h3 g5 16. f3 Nh5 17. Ne4 Bxe4 18. fxe4 Ng3+ 19. Kg1 Bxb2 20. Qxb2 Nxe2+ 21. Kf2 Nd4 22. Kg1 f5 23. exf5 Qe5 24. Qb1 Ne2+ 25. Kh1 Ng3+ 26. Kg1 Nxf1 27. Qxf1 Rxf5 28. Qd1 Raf8 29. d3 Qd4+ 30. Kh1 Rf2 31. Rb1 Qd6 32. Kg1 Qg3 0-1

[Event "Roy mem."]
[Site "Hull CAN"]
[Date "1998.11.18"]
[Round "4"]
[White "Gagnon, Fabien"]
[Black "Duquette, Patrick"]
[Result "1-0"]
[WhiteElo "2001"]
[BlackElo "1890"]
[PlyCount "83"]
[GameId "2160767911806158"]
[EventDate "1998.10.27"]
[EventType "swiss"]
[EventRounds "5"]
[EventCountry "CAN"]
[SourceTitle "EXT 2022"]
[Source "ChessBase"]
[SourceDate "2021.10.06"]
[SourceVersion "1"]
[SourceVersionDate "2021.10.06"]
[SourceQuality "1"]

1. d4 Nf6 2. Nf3 g6 3. c4 Bg7 4. Nc3 d6 5. e3 O-O 6. Be2 Nbd7 7. O-O e5 8. b4 a5 9. b5 Re8 10. Ba3 exd4 11. exd4 d5 12. c5 c6 13. Re1 Nh5 14. Qa4 Qf6 15. Bf1 Rd8 16. Rab1 Nf4 17. bxc6 bxc6 18. Bc1 Nh3+ 19. gxh3 Qxf3 20. Re3 Qf6 21. Ne2 Ba6 22. Bb2 Rdb8 23. Qc2 Bh6 24. Ra3 Bb5 25. Qc3 Nf8 26. Qg3 Bg7 27. Rf3 Qe6 28. Nf4 Qd7 29. h4 Bxf1 30. Kxf1 Ne6 31. Nxe6 Qxe6 32. Re1 Qd7 33. Bc3 a4 34. h5 Re8 35. Rfe3 Kf8 36. hxg6 hxg6 37. Rb1 Rxe3 38. Qxe3 Qg4 39. Qg3 Qxg3 40. hxg3 Ra6 41. Rb6 Ra8 42. Rxc6 1-0

[Event "Roy mem."]
[Site "Hull CAN"]
[Date "1998.11.24"]
[Round "5"]
[White "Duquette, Patrick"]
[Black "Cote, Jacques"]
[Result "0-1"]
[WhiteElo "1890"]
[BlackElo "2012"]
[PlyCount "64"]
[GameId "2160767911806159"]
[EventDate "1998.10.27"]
[EventType "swiss"]
[EventRounds "5"]
[EventCountry "CAN"]
[SourceTitle "EXT 2022"]
[Source "ChessBase"]
[SourceDate "2021.10.06"]
[SourceVersion "1"]
[SourceVersionDate "2021.10.06"]
[SourceQuality "1"]

1. d4 b5 2. e4 Bb7 3. Bd3 e6 4. Nf3 c5 5. dxc5 Bxc5 6. O-O Qb6 7. Qe2 a6 8. Nbd2 Nf6 9. Nb3 Be7 10. a4 b4 11. Be3 Qc7 12. a5 Bxe4 13. Bxe4 Nxe4 14. Bb6 Qb7 15. Rfe1 d5 16. Nfd4 Nd7 17. f3 Nec5 18. Nxc5 Bxc5 19. Bxc5 Nxc5 20. Qe5 O-O 21. Kh1 Rfd8 22. Re2 Rac8 23. Rae1 Nd7 24. Qg5 h6 25. Qg3 Nf8 26. Qf2 Rc4 27. Nb3 Rdc8 28. Nd4 Qc7 29. Rd2 Qxa5 30. b3 R4c7 31. Qe2 Qb6 32. f4 Nd7 0-1